Ramakrishna christ's younger brother / (Record no. 164541)

MARC details
000 -LEADER
fixed length control field 00498nam a22001697a 4500
005 - DATE AND TIME OF LATEST TRANSACTION
control field 20190522150202.0
010 ## - LCCN (DPL NO)
LC control number B-231139
020 ## - INTERNATIONAL STANDARD BOOK NUMBER
International Standard Book Number 8189297082
Terms of availability 400.00
035 ## - SYSTEM CONTROL NUMBER
System control number B-231139
037 ## - SOURCE OF ACQUISITION
Source of stock number/acquisition Vijay Goel English-Hindi Publisher
082 ## - DEWEY DECIMAL CLASSIFICATION NUMBER
Classification number 921
100 ## - MAIN ENTRY--PERSONAL NAME
Personal name Rolland, Romain.
245 ## - TITLE STATEMENT
Title Ramakrishna christ's younger brother /
Statement of responsibility, etc Romain Rolland
260 ## - PUBLICATION, DISTRIBUTION, ETC. (IMPRINT)
Place of publication, distribution, etc Delhi
Name of publisher, distributor, etc Vijay Goel English-Hindi Publisher
Date of publication, distribution, etc 2005
300 ## - PHYSICAL DESCRIPTION
Extent 182p
Dimensions 22cm (hbk)
942 ## - ADDED ENTRY ELEMENTS (KOHA)
Source of classification or shelving scheme Dewey Decimal Classification
Item type English Books
Classification part 921
Call number suffix ROL
Holdings
Withdrawn status Lost status Not for loan Collection code Home library Current library Date acquired Full call number Barcode Koha item type
      Non-fiction Sarojini Nagar Sarojini Nagar 22/05/2019 921 ROL B-231139 English Books

© Delhi Public Library
Hit Counter
free hit counter